عرض عادي
عرض مارك
- شريبة، نور الدين،
دخول Personal Name
001 - CONTROL NUMBER
- control field: 25390
003 - CONTROL NUMBER IDENTIFIER
- control field: AE-AdECS
005 - DATE AND TIME OF LATEST TRANSACTION
- control field: 20260123073747.0
008 - FIXED-LENGTH DATA ELEMENTS
- fixed length control field: 260123|| aca||aabn | a|a d
040 ## - CATALOGING SOURCE
- Original cataloging agency: AE-AdECS
- Transcribing agency: AE-AdECS
100 ## - HEADING--PERSONAL NAME
- Personal name: شريبة، نور الدين،
670 ## - SOURCE DATA FOUND
- Source citation: Work cat.: (AE-AdECS)293803: نيكلسون ، د. أ. مؤلف. 25388, الصوفية في الإسلام /
